• 首页
  • 本馆介绍
  • 公告通知
  • 最新文献
  • 馆藏检索
  • 电子资源
  • 读者导购
  • 参考咨询
  • 我的图书馆
  • 登录
  • 详细信息显示
  • 放入我的书架
  • 预约/预借图书
  • 作者相关作品
  • 分类相关作品
  • 丛书相关作品
  • 出版社相关作品

书目信息

  • 表格格式
  • 工作单格式
  • 卡片格式
题名:
创新的创新
    
 
作者: 黄亚生 , 王丹 , 张世伟 著
分册:  
出版信息: 杭州   浙江人民出版社  2016
页数: 17,248页
开本: 23cm
丛书名:
单 册:
中图分类: F124.3
科图分类:
主题词: 创新管理--研究--中国
电子资源:
ISBN: 978-7-213-06960-4
000 01011nam0 2200277 450
001 012001000594
005 20140920091302.0
010    @a978-7-213-06960-4@b精装@dCNY62.90
100    @a20160118d2016 em y0chiy50 ea
101 0  @achi
102    @aCN@b330000
105    @ay z 000yy
106    @ar
200 1  @a创新的创新@9Chuang Xin De Chuang Xin@b专著@dSocial innovation@e社会创新模式如何引领众创时代@f黄亚生,王丹,张世伟著@zeng
210    @a杭州@c浙江人民出版社@d2016
215    @a17,248页@d23cm
300    @a未来创客系列
330    @a本书通过丰富的事例展示了社会创新的创新趋势。内容包括:中国发展与社会创新、为什么社会创新模式如此重要、组合演化与经度之战、众创时代的兴起、公开竞赛与创新平台等。
510 1  @aSocial innovation@zeng
606 0  @a创新管理@x研究@y中国
690    @aF124.3@v5
701  0 @c(美)@a黄亚生@9Huang Ya Sheng@4著
701  0 @a王丹@9Wang Dan@c(女)@4著
701  0 @a张世伟@9Zhang Shi Wei@4著
801  0 @aCN@b上海新华@c20180901
905    @b1150867-71@dF124.3@e330@f5
    
    创新的创新=Social innovation:社会创新模式如何引领众创时代/黄亚生,王丹,张世伟著.-杭州:浙江人民出版社,2016
    17,248页;23cm
    未来创客系列
    
    ISBN 978-7-213-06960-4(精装):CNY62.90
    本书通过丰富的事例展示了社会创新的创新趋势。内容包括:中国发展与社会创新、为什么社会创新模式如此重要、组合演化与经度之战、众创时代的兴起、公开竞赛与创新平台等。
●
相关链接 在E读中查询图书 在五车中查询图书 在当当中查询图书 在豆瓣中查询图书


正题名:创新的创新     索取号:F124.3/330         预约/预借

序号 登录号 条形码 馆藏地/架位号 状态 备注
1 1150867   211508670   第一样本阅览室/ [索取号:F124.3/330] 在馆    
2 1150868   211508689   第一借阅区/ [索取号:F124.3/330] 在馆    
3 1150869   211508698   第一借阅区/ [索取号:F124.3/330] 在馆    
4 1150870   211508705   第一借阅区/ [索取号:F124.3/330] 在馆    
5 1150871   211508714   密集书库-海洋学院/ [索取号:F124.3/330] 在馆    
唐山师范学院图书馆 欢迎您!
大连网信软件有限公司© 版权所有